| 000 | 00719nam a2200205 a 4500 | ||
|---|---|---|---|
| 001 | 2526 | ||
| 005 | 20140414131859.0 | ||
| 008 | 050602s19uu xx 00 eng d | ||
| 020 | _a971-630-023-9 | ||
| 050 |
_aFIL 398.2 _bS1 1993 |
||
| 100 | _aSta. Romana-Cruz, Neni | ||
| 245 |
_aWhy the pina has a hundred eyes : _band other classic Philippine folk tales about fruits / _cas told by Neni Sta. Romana-Cruz ; illustrated by Felix Mago Miguel. |
||
| 260 |
_aManila : _bTahana Books for Young Readers, _c1993. |
||
| 300 | _a55 p. : ill. ; cm. | ||
| 500 | _aNational Book Award for Children's Literature | ||
| 650 |
_aFolktales _xPhilippines. |
||
| 650 | _aChildren stories. | ||
| 999 |
_c110564 _d110564 |
||